<?xml version="1.0" encoding="utf-8"?>
<?xml-stylesheet type='text/xsl' href='./oai2.xsl'?>
<OAI-PMH xmlns="http://www.openarchives.org/OAI/2.0/" xmlns:xsi="http://www.w3.org/2001/XMLSchema-instance" xsi:schemaLocation="http://www.openarchives.org/OAI/2.0/ http://www.openarchives.org/OAI/2.0/OAI-PMH.xsd">
  <responseDate>2026-06-06T18:11:58Z</responseDate>
  <request verb="GetRecord" metadataPrefix="marcxml" identifier="record_kuniweb_66148">https://kulturerbe.niedersachsen.de/oai</request>
  <GetRecord>
    <record>
      <header>
        <identifier>record_kuniweb_66148</identifier>
        <datestamp>2024-02-22T10:22:04Z</datestamp>
        <setSpec>slg0197</setSpec>
      </header>
      <metadata>
        <marc:record xmlns:marc="http://www.loc.gov/MARC21/slim" xsi:schemaLocation="http://www.loc.gov/MARC21/slim http://www.loc.gov/standards/marcxml/schema/MARC21slim.xsd">
          <marc:leader>12345nrm  22     uu 4500</marc:leader>
          <marc:controlfield tag="001">66148</marc:controlfield>
          <marc:controlfield tag="003">http://kuniweb.gbv.de</marc:controlfield>
          <marc:controlfield tag="005">2020-01-08T15:54:36</marc:controlfield>
          <marc:controlfield tag="008">|           ||||||||||||||||||||||</marc:controlfield>
          <marc:datafield tag="245" ind1="1" ind2="0">
            <marc:subfield code="a">Kelch</marc:subfield>
          </marc:datafield>
          <marc:datafield tag="655" ind1=" " ind2="7">
            <marc:subfield code="a">Kunsthandwerk</marc:subfield>
          </marc:datafield>
          <marc:datafield tag="046" ind1=" " ind2=" ">
            <marc:subfield code="k">1350</marc:subfield>
            <marc:subfield code="k">2. Hälfte 14. Jahrhundert</marc:subfield>
            <marc:subfield code="l">1400</marc:subfield>
          </marc:datafield>
          <marc:datafield tag="260" ind1=" " ind2=" ">
            <marc:subfield code="g">1350</marc:subfield>
            <marc:subfield code="g">1400</marc:subfield>
            <marc:subfield code="g">2. Hälfte 14. Jahrhundert</marc:subfield>
          </marc:datafield>
          <marc:datafield tag="300" ind1=" " ind2=" ">
            <marc:subfield code="a">Durchmesser: 14 cm (Kuppa)
Höhe: 14 cm</marc:subfield>
          </marc:datafield>
          <marc:datafield tag="520" ind1=" " ind2=" ">
            <marc:subfield code="a">Abendmahlskelch aus dem Kloster-Neuenwalde, Landkreis Cuxhaven.
Der Kelch ist durch Buckelreihen lisenenartig in sechs Felder
geteilt. In einem der Felder wurde ein plastisches Kreuz aufgeheftet.
Auf der größten Weite sind sechs plastische Rhomben
(Rotuli) aufgesetzt, mit den Kapitalen IHESVS.
Auf der Unterseite lassen sich von den eingeritzten Inschriften
nur noch die Fragmente M MARIA und HB identifizieren. (Sebastian Möllers)

Gebrauchsort:
Neuenwalde (Geestland, Cuxhaven, Niedersachsen)

Beschrieben in:
O. Kieker und Lehe, E. v., „Der frühere Kreis Lehe. Die Kunstdenkmale des Kreises Wesermünde ; 1“. Osnabrück, 1980. (S. 173 Nr. 11; Tafelabb.48a)

Beschrieben in:
D. Meyer, „Mittelalter und Neuzeit. Bestandskatalog / Schwedenspeicher-Museum Stade ; 1“. Hansa-Druckerei, Stade, 1992. (S. 53)</marc:subfield>
          </marc:datafield>
          <marc:datafield tag="650" ind1="1" ind2=" ">
            <marc:subfield code="a">Kelch</marc:subfield>
          </marc:datafield>
          <marc:datafield tag="650" ind1="1" ind2=" ">
            <marc:subfield code="a">Altar</marc:subfield>
          </marc:datafield>
          <marc:datafield tag="650" ind1="1" ind2=" ">
            <marc:subfield code="a">Altargerät</marc:subfield>
          </marc:datafield>
          <marc:datafield tag="773" ind1="0" ind2=" ">
            <marc:subfield code="t">Sammlung des Stader Geschichts- und Heimatvereins</marc:subfield>
          </marc:datafield>
          <marc:datafield tag="852" ind1=" " ind2=" ">
            <marc:subfield code="a">Museum Schwedenspeicher</marc:subfield>
          </marc:datafield>
          <marc:datafield tag="" ind1=" " ind2=" ">
            <marc:subfield code="a">Namensnennung 4.0 International (CC BY 4.0)</marc:subfield>
          </marc:datafield>
        </marc:record>
      </metadata>
    </record>
  </GetRecord>
</OAI-PMH>
